June mortgages up (Record no. 117763)
[ view plain ]
| 000 -LEADER | |
|---|---|
| fixed length control field | 01182cam a2200205 4500 |
| 001 - CONTROL NUMBER | |
| control field | WB@3612-416 |
| 008 - FIXED-LENGTH DATA ELEMENTS--GENERAL INFORMATION | |
| fixed length control field | 040722n2004 000 0 eng u |
| 035 ## - SYSTEM CONTROL NUMBER | |
| System control number | (Sirsi) u126915 |
| 245 ## - TITLE STATEMENT | |
| Title | June mortgages up |
| 260 ## - PUBLICATION, DISTRIBUTION, ETC. | |
| Date of publication, distribution, etc. | 2004 |
| 490 ## - SERIES STATEMENT | |
| Series statement | Council of Mortgage Lenders Press Release |
| Volume/sequential designation | 20 July 2004 (2) |
| 520 ## - SUMMARY, ETC. | |
| Summary, etc. | The Council of Mortgage Lending has just released figures for June 2004. Gross lending totalled a record £37.8bn, 15% higher than the £24.2bn lent in May and 24% higher than the £22.4bn lent for the same period in 2003. Lending for house purchase reached its highest ever monthly figure of £13.6bn and remortgaging also showed a substantial rise of 16% to £10.8bn. It also worryingly revealed that first-time buyers are now borrowing on average more than three times their income. Further information can be found on the website: http://www.cml.org.uk/servlet/dycon/zt-cml/cml/liv e/en/cml/home. http://www.cml.org.uk/servlet/dycon/zt-cml/cml/liv e/en/Text/press_releases_2004_0720 |
| 590 ## - LOCAL NOTE (RLIN) | |
| Local note | WB |
| 590 ## - LOCAL NOTE (RLIN) | |
| Local note | WB |
| 650 ## - SUBJECT ADDED ENTRY--TOPICAL TERM | |
| Topical term or geographic name entry element | MORTGAGE LENDING |
| 650 ## - SUBJECT ADDED ENTRY--TOPICAL TERM | |
| Topical term or geographic name entry element | MORTGAGE MARKET |
| 650 ## - SUBJECT ADDED ENTRY--TOPICAL TERM | |
| Topical term or geographic name entry element | REMORTGAGING |
| 690 ## - LOCAL SUBJECT ADDED ENTRY--TOPICAL TERM (OCLC, RLIN) | |
| Topical term or geographic name as entry element | HOUSING-FINANCE |
| 942 ## - ADDED ENTRY ELEMENTS (KOHA) | |
| Suppress in OPAC | 0 |
| Withdrawn status | Lost status | Source of classification or shelving scheme | Damaged status | Not for loan | Home library | Current library | Shelving location | Date acquired | Total Checkouts | Full call number | Barcode | Date last seen | Copy number | Price effective from | Koha item type |
|---|---|---|---|---|---|---|---|---|---|---|---|---|---|---|---|
| Dewey Decimal Classification | London | London | News article | 22/07/2004 | WB4028-09 | 126915-1001 | 06/08/2019 | 1 | 06/08/2019 | News article |